000 00421nam a2200145 i 4500
001 147890
003 ES-MaACL
007 t|
008 071008s1920 sp ||||1| spa d
100 1 _aUrritia Guerezta, Luis.
_9112237
245 1 0 _aEnfermedades del estómago /
_cLuis Urritia Guerezta.
260 _aMadrid :
_b[s.n.],
_c1920 (
_fImprenta Helénica)
300 _aVIII, 665 p. ;
_c20 cm.
852 _aES-MaACL
_jB-9039
999 _c147890
_d147890